|
|
|
|
| LEADER |
00000nam a2200000 a 4500 |
| 001 |
vtls001491553 |
| 003 |
SK-MaSNL |
| 005 |
20260301122420.0 |
| 008 |
240314 xo 000 0 eng |
| 040 |
|
|
|a SNK
|b slo
|c SNK
|e AACR2
|
| 044 |
|
|
|a xo
|c SK
|
| 100 |
1 |
|
|a Benková, Soňa
|4 aut
|9 5017
|
| 245 |
1 |
0 |
|a Čítanka pre 1. ročník základnej školy
|
| 250 |
|
|
|a 6. vyd.
|
| 260 |
|
|
|a Bratislava
|b Slovenské pedagogické nakladateľstvo
|
| 300 |
|
|
|a 45 s.
|
| 999 |
|
|
|c 732821
|d 734751
|
| 952 |
|
|
|a SNK
|b SNK
|y PREZ
|7 0
|p 17A0930443
|o snkSC 73546
|0 0
|1 0
|4 0
|d 2012-09-25
|l 0
|r 2025-07-29 00:00:00
|w 2026-02-23
|
| 952 |
|
|
|a SNK
|b SNK
|y VYP
|7 0
|p 17A0454486
|o snkSC 73546 D1
|i snkKSP 300/89
|3 Rekatalogizácia
|0 0
|1 0
|4 0
|d 2005-02-01
|l 0
|r 2026-02-23 22:34:52
|w 2026-02-23
|